000 00553nam a2200229Ia 4500
003 OSt
005 20221005122229.0
006 a|||||r|||| 00| 0
007 ta
008 221004b |||||||| |||| 00| 0 tam d
024 _a50100
037 _cTextual
040 _aCRL
_cCRL
_btam
041 _2tam
_atam
082 _aO31,3NCH,22, K2
100 _aChamy Au.
_9631680
245 0 _aIruttarai
260 _c1962
650 _aTAMIL FICTION
942 _hO31,3NCH,22, K2
_cTEXL
_2cc
999 _c1043677
_d1043677